Obra poética (Registo nº 19615)

Detalhes MARC
000 -Etiqueta do registo
Valores 01070nam a22002411i 4500
090 ## -
-- 19615
100 ## - Dados gerais de processamento
Dados gerais 20170304u u u0frey50 ba
101 0# - Língua de publicação
-- por
200 1# - Titulo e menção de responsabilidade
Primeira menção de responsabilidade Natércia Freire
Título próprio Obra poética
215 ## - Descrição física 
Paginação / Volumes 2 vol. (216, 184 p.)
Dimensões 24 cm
210 ## - Publicação
Nome do editor Imprensa Nacional-Casa da Moeda
Local de publicação Lisboa
Data de publicação D.L. 1991
225 2# - Colecção 
Título próprio da colecção Biblioteca de autores portugueses
300 ## - Notas gerais 
Texto da nota Oferta de Imprensa Nacional - Casa da Moeda
327 ## - Nota de conteúdo
Texto da nota Vol. 1: ISBN nÇ 972-27-0468-0. - Vol. 2: ISBN nÇ 972-27-0683-7
410 #0 -
-- Biblioteca de autores portugueses
702 #1 - Autor secundário (pessoa individual)
Apelido Ferreira
Nome David Mourão
-- 080
Datas 1927-1996
700 #1 - Autor principal (pessoa individual)
Apelido Freire
Nome Natércia
-- 070
996 ## - ISO2709
-- 0026798
-- FRE I
-- 00000000
-- 00000000
-- BMVA
-- 1
-- Viana do Alentejo
-- Poesia
-- 18
-- Livro
-- 0
-- 1
996 ## - ISO2709
-- 0026799
-- FRE II
-- 00000000
-- 00000000
-- BMVA
-- 1
-- Viana do Alentejo
-- Poesia
-- 18
-- Livro
-- 0
-- 1
996 ## - ISO2709
-- 0030996
-- FRE I
-- 00000000
-- 00000000
-- BMVA
-- 1
-- Alcáçovas
-- Poesia
-- 18
-- Livro
-- 0
-- 1
996 ## - ISO2709
-- 0030997
-- FRE II
-- 00000000
-- 00000000
-- BMVA
-- 1
-- Alcáçovas
-- Poesia
-- 18
-- Livro
-- 0
-- 1
990 ## - Elementos KOHA
Tipo de documento Livro
Exemplares
Situação do levantamento Estado Biblioteca de origem Biblioteca de empréstimo Código de barras Cota Permissão de empréstimo Tipo de documento Nota relativa ao exemplar Localização na Estante
  Completo Biblioteca Municipal de Viana Do Alentejo Biblioteca Municipal de Viana Do Alentejo 0024879 FRE I Disponível Livro Em depósito caixa 69 VNT  
  Completo Biblioteca Municipal de Viana Do Alentejo Biblioteca Municipal de Viana Do Alentejo 0024880 FRE II Disponível Livro Em depósito - caixa 64 vnt  
  Completo Biblioteca Municipal de Viana Do Alentejo Biblioteca Municipal de Viana Do Alentejo Pólo Alcáçovas 0026660 FRE I Disponível Livro cx 235 VNT Depósito
  Completo Biblioteca Municipal de Viana Do Alentejo Biblioteca Municipal de Viana Do Alentejo Pólo Alcáçovas 0026661 FRE II Disponível Livro cx 235 VNT Depósito




Powered by Koha